000 00473nam a2200193Ia 4500
008 151119s9999||||xx |||||||||||||| ||und||
082 _a891.463
082 _bGKKV21576
100 _aदेसाई रणजित
245 _aबारी
260 _a--
260 _b--
260 _c1977
600 _aदेसाई रणजित
630 _aबारी
700 _aदेसाई रणजित
730 _aबारी
942 _cBOOK
999 _c1074384
_d1074381